Handbook of GST in India : (Record no. 151737)
[ view plain ]
| 000 -LEADER | |
|---|---|
| fixed length control field | 00702nam a22002057a 4500 |
| 005 - DATE AND TIME OF LATEST TRANSACTION | |
| control field | 20180425101632.0 |
| 010 ## - LCCN (DPL NO) | |
| LC control number | ENG-122799 |
| 020 ## - INTERNATIONAL STANDARD BOOK NUMBER | |
| International Standard Book Number | 9789386250957 |
| Terms of availability | 1395.00 |
| 035 ## - SYSTEM CONTROL NUMBER | |
| System control number | EN-106331 |
| 037 ## - SOURCE OF ACQUISITION | |
| Source of stock number/acquisition | DBAD/PUB |
| 082 ## - DEWEY DECIMAL CLASSIFICATION NUMBER | |
| Classification number | 343.54055 |
| 100 ## - MAIN ENTRY--PERSONAL NAME | |
| Personal name | Garg, Rakesh |
| 245 ## - TITLE STATEMENT | |
| Title | Handbook of GST in India : |
| Statement of responsibility, etc | by Rakesh Garg [and] Sandeep Garg |
| Remainder of title | concepts and procedures / |
| 250 ## - EDITION STATEMENT | |
| Edition statement | 2nd edn. |
| 260 ## - PUBLICATION, DISTRIBUTION, ETC. (IMPRINT) | |
| Place of publication, distribution, etc | New Delhi |
| Name of publisher, distributor, etc | Bloomsbury Publishing India Pvt. Ltd., |
| Date of publication, distribution, etc | 2017 |
| 270 ## - ADDRESS | |
| Address | DDA Complex, LSC Building No. 4, Second Floor, Pocket C-6 & 7, Vasant Kunj, |
| City | New Delhi |
| Postal code | 110070 |
| 300 v# - PHYSICAL DESCRIPTION | |
| Extent | xxix,812p. |
| Dimensions | 22cm(pbk) |
| 700 ## - ADDED ENTRY--PERSONAL NAME | |
| Personal name | Garg, Sandeep |
| 942 ## - ADDED ENTRY ELEMENTS (KOHA) | |
| Source of classification or shelving scheme | Dewey Decimal Classification |
| Item type | English Books |
| Call number suffix | GAR |
| Classification part | 343.54055 |
| Withdrawn status | Lost status | Not for loan | Collection code | Home library | Current library | Date acquired | Source of acquisition | Cost, normal purchase price | Full call number | Barcode | Copy number | Cost, replacement price | Koha item type |
|---|---|---|---|---|---|---|---|---|---|---|---|---|---|
| Not For Loan | Non-fiction | D.B.Act.Division | Patel Nagar | 25/04/2018 | DBAD/PUB | 1395.00 | 343.54055 GAR | EN-106331 | 1 | 1395.00 | English Books |
